Michigan Sports Logos - Statistics

General Stats
  • This quiz has been taken 73 times
    25 since last reset
  • The average score is 10 of 12
Answer Stats
Picture Hint Answer % Correct
NFL Detroit Lions
100%
NCAA Michigan State Spartans
100%
NCAA Michigan Wolverines
100%
NBA Detroit Pistons
95%
NHL Detroit Red Wings
95%
MLB Detroit Tigers
95%
NCAA Central Michigan Chippewas
80%
NCAA Eastern Michigan Eagles
80%
NCAA Western Michigan Broncos
80%
UFL Michigan Panthers
65%
NCAA UDM Titans
60%
NCAA Oakland Golden Grizzlies
55%
No matching quizzes found
Score Distribution
Percent of People with Each Score
Percentile by Number Answered
Your Score History
You have not taken this quiz since the last reset